G3-京台高速公路途径行政区 - Statistics

General Stats
  • This quiz has been taken 29 times
    26 since last reset
  • The average score is 19 of 29
Answer Stats
Answer % Correct
北京
100%
廊坊
89%
沧州
79%
徐州
79%
宿州
79%
德州
74%
济南
74%
泰安
74%
枣庄
74%
淮北
74%
宿州
74%
蚌埠
74%
合肥
74%
济宁
68%
淮北
68%
合肥
68%
滁州
63%
六安
63%
黄山
63%
福州
63%
铜陵
58%
宁德
58%
池州
53%
衢州
53%
南平
53%
台北
47%
桃园
37%
新北
37%
新竹
32%
No matching quizzes found
Score Distribution
Percent of People with Each Score
Percentile by Number Answered
Your Score History
You have not taken this quiz since the last reset